TB. OF COMMUNITY MEDICINE (Record no. 30680)

MARC details
000 -LEADER
fixed length control field 00354nam a22001577a 4500
003 - CONTROL NUMBER IDENTIFIER
control field SGT
020 ## - INTERNATIONAL STANDARD BOOK NUMBER
International Standard Book Number 9789395736473
082 ## - DEWEY DECIMAL CLASSIFICATION NUMBER
Classification number 614
Item number C23B
100 ## - MAIN ENTRY--PERSONAL NAME
Personal name BHALWAR, RAJIV
245 ## - TITLE STATEMENT
Title TB. OF COMMUNITY MEDICINE
250 ## - EDITION STATEMENT
Edition statement 5TH
260 ## - PUBLICATION, DISTRIBUTION, ETC. (IMPRINT)
Place of publication, distribution, etc INDIA
Name of publisher, distributor, etc WOLTERS KLUWER PUB
Year of Publication 2023
300 ## - PAGE DESCRIPTION
No. of Pages 1035
650 ## - SUBJECT ADDED ENTRY--TOPICAL TERM
Topical term or geographic name as entry element COMMUNITYU MEDICINE
942 ## - ADDED ENTRY ELEMENTS (KOHA)
Source of classification or shelving scheme Dewey Decimal Classification
Koha item type Books
Holdings
Withdrawn status Lost status Source of classification or shelving scheme Damaged status Not for loan Collection code Home library Current library Shelving location Date acquired Vendor Name Cost, normal purchase price SGTU Bill Number Total Checkouts Full call number Accession No. (Barcode) Date last seen Bill Date Koha item type
    Dewey Decimal Classification   Not For Loan MEDICAL SGT Medical Library SGT Medical Library Reference Book 11/02/2025 ABC DELHI 1749.00 SGTU 20461   614 C23B FM14878 05/04/2025 11/02/2025 Books